Southville International School and Colleges
Your cart is empty.
  • Cart
  • Lists
    Public lists Eva Luna New books Lux_list list_1
    Your lists Log in to create your own lists
  • Log in to your account
  • Your cookies
  • Search history
Southville International School and Colleges
  • Advanced search
  • Recent comments
  • Most popular
  • Libraries

Log in to your account

Log in with GOOGLE


If you do not have an external account, but do have a local account, you can still log in:

  1. Home
  2. MARC view: Self-esteem and early learning :
Normal view MARC view ISBD view

Self-esteem and early learning : (Record no. 23075)

[ view plain ]
MARC details
000 -LEADER
fixed length control field 00767nam a2200241 a 4500
003 - CONTROL NUMBER IDENTIFIER
control field PILC
005 - DATE AND TIME OF LATEST TRANSACTION
control field 20160217092224.0
008 - FIXED-LENGTH DATA ELEMENTS--GENERAL INFORMATION
fixed length control field 080423s19uu xx 00 eng d
020 ## - INTERNATIONAL STANDARD BOOK NUMBER
International Standard Book Number 9781412922814
050 ## - LIBRARY OF CONGRESS CALL NUMBER
Classification number BF 723.S3
Item number .R64 2006
100 ## - MAIN ENTRY--PERSONAL NAME
Personal name Roberts, Rosemary.
245 ## - TITLE STATEMENT
Title Self-esteem and early learning :
Remainder of title key people from birth to school /
Statement of responsibility, etc Rosemary Roberts.
250 ## - EDITION STATEMENT
Edition statement 3rd edition.
260 ## - PUBLICATION, DISTRIBUTION, ETC. (IMPRINT)
Place of publication, distribution, etc London :
Name of publisher, distributor, etc Paul Chapman Publishing,
Date of publication, distribution, etc 2006.
300 ## - PHYSICAL DESCRIPTION
Extent 187 pages ;
Dimensions 23 cm.
440 ## - SERIES STATEMENT/ADDED ENTRY--TITLE
Title Series editor.
500 ## - GENERAL NOTE
General note Includes bibliographical references.
650 ## - SUBJECT ADDED ENTRY--TOPICAL TERM
Topical term or geographic name as entry element Self-esteem in children.
650 ## - SUBJECT ADDED ENTRY--TOPICAL TERM
Topical term or geographic name as entry element Early childhood education.
650 ## - SUBJECT ADDED ENTRY--TOPICAL TERM
Topical term or geographic name as entry element Early childhood education
General subdivision Parent participation.
942 ## - ADDED ENTRY ELEMENTS (KOHA)
Koha item type Books
Source of classification or shelving scheme Library of Congress Classification
Call number prefix Foreign
Holdings
Withdrawn status Lost status Source of classification or shelving scheme Damaged status Home library Current library Shelving location Date acquired Source of acquisition Total Checkouts Full call number Barcode Date last seen Date checked out Copy number Price effective from Koha item type
    Library of Congress Classification   College Library College Library General Circulation Section 04/07/2010 Library Fund 2 BF 723.S3 .R64 2006 C9356 05/15/2018 09/02/2016 1 10/18/2013 Books

Self-esteem and early learning :

APA

Roberts R., . (2006). Self-esteem and early learning. London: Paul Chapman Publishing.

Chicago

Roberts Rosemary, . 2006. Self-esteem and early learning. London: Paul Chapman Publishing.

Harvard

Roberts R., . (2006). Self-esteem and early learning. London: Paul Chapman Publishing.

MLA

Roberts Rosemary, . Self-esteem and early learning. London: Paul Chapman Publishing. 2006.

  • Place hold
  • Print
  • Cite
  • Add to your cart (remove)
  • Save record
    BIBTEX Dublin Core MARCXML MARC (non-Unicode/MARC-8) MARC (Unicode/UTF-8) MARC (Unicode/UTF-8, Standard) MODS (XML) RIS
  • More searches
    Search for this title in:
    Other Libraries (WorldCat) Other Databases (Google Scholar) Online Stores (Bookfinder.com) Open Library (openlibrary.org)

Exporting to Dublin Core...

SOUTHVILLE LIBRARY

Southville International School and Colleges Library

1281 Tropical Ave. Cor. Luxembourg St., BF Homes International, Las Pinas City

Tel. No. 8256374 / 252358 Loc. 117/146

Powered by Koha